000 00694nam a2200229Ia 4500
001 15936
003 GE_BSU
008 181216s||||||||xx |||||||||||||| ||und||
040 _cGE_BSU
080 _a821.353.1-1
100 _aხოშტარია, ილია
245 _aსათავისაკენ
245 _bლექსები
245 _cრედ.ს.დემურხანაშვილი. მხატვ.ზ.რაზმაძე
260 _aთბილისი
260 _bმერანი
260 _c1968
300 _a96გვ. ; 17სმ.
653 _aლექსები
653 _aსათავისაკენ
942 _cBK
999 _c49031
_d49031